[Event "European Women-ch 2023"]
[Site "Petrovac"]
[Date "2023.03.27"]
[Round "9.5"]
[White "Osmak, Yuliia"]
[Black "Buksa, Nataliya"]
[Result "0-1"]
[WhiteElo "2445"]
[BlackElo "2405"]
[Annotator "TA"]
[PlyCount "114"]
[EventDate "2023.03.15"]
[EventType "swiss"]
[EventCountry "MNE"]
[SourceTitle "playchess.com"]
[Source "ChessBase"]
[SourceQuality "1"]

1. d4 d5 2. c4 e6 3. Nf3 Nf6 4. Nc3 Nbd7 5. Bf4 Bb4 6. cxd5 exd5 7. e3 Ne4 8. Qc2 g5 9. Be5 Rg8 10. Bd3 Bxc3+ 11. bxc3 g4 12. Bxe4 dxe4 13. Qxe4 Qe7 14. Qxh7 Rf8 15. Nd2 Nxe5 16. dxe5 Bd7 17. Qe4 O-O-O 18. Nb3 Bc6 19. Qf4 Kb8 20. O-O Rd5 21. Nd4 Bd7 22. Qf6 Qxe5 23. Qxe5 Rxe5 24. Ne2 Bb5 25. Rfe1 Rc5 26. Rac1 a5 27. a3 Rh8 28. Nf4 Rd8 29. e4 Rd2 30. Nd5 Bd7 31. c4 Rd3 32. Re3 Rxc4 33. Rf1 Rxe3 34. fxe3 Be6 35. Nf4 Rxe4 36. Nxe6 fxe6 37. Kf2 b5 38. Rb1 c6 39. h4 gxh3 40. gxh3 Kc7 41. Kf3 Ra4 42. Rh1 Rxa3 43. h4 Rd3 44. h5 Rd7 45. h6 Rh7 46. Ke4 Kd6 47. Kd4 e5+ 48. Ke4 c5 49. Rh5 a4 50. Kd3 a3 51. Kc2 c4 52. Kc3 Kc6 53. e4 Kb6 54. Rxe5 Rxh6 55. Kb4 a2 56. Rxb5+ Ka7 57. Ra5+ Ra6 0-1

[Event "European Women-ch 2023"]
[Site "Petrovac"]
[Date "2023.03.27"]
[Round "9.5"]
[White "Toncheva, Nadya"]
[Black "Brunello, Marina"]
[Result "1-0"]
[WhiteElo "2192"]
[BlackElo "2346"]
[Annotator "TA"]
[PlyCount "77"]
[EventDate "2023.03.15"]
[EventType "swiss"]
[EventCountry "MNE"]
[SourceTitle "playchess.com"]
[Source "ChessBase"]
[SourceQuality "1"]

1. e4 c5 2. c3 Nf6 3. e5 Nd5 4. Nf3 e6 5. Bc4 d6 6. d4 cxd4 7. cxd4 Be7 8. O-O O-O 9. Qe2 Nd7 10. Bxd5 exd5 11. Nc3 Nb6 12. Bf4 Be6 13. Nb5 dxe5 14. dxe5 a6 15. Nbd4 Na4 16. Be3 Bg4 17. h3 Bh5 18. Nf5 Re8 19. Rad1 Bf8 20. g4 Bg6 21. Nd6 Re6 22. Rxd5 Nb6 23. Bxb6 Qxb6 24. Nd4 Re7 25. N4f5 Rc7 26. Rfd1 h6 27. h4 Qb4 28. Ne3 Rd8 29. R5d4 Qc5 30. Rd5 Qc6 31. h5 Bh7 32. Qd2 Rcd7 33. Qd4 Be7 34. Ndf5 Bxf5 35. Nxf5 Bc5 36. Rxd7 Rxd7 37. Qxd7 Qf3 38. Ne7+ Bxe7 39. Qc8+ 1-0

[Event "European Women-ch 2023"]
[Site "Petrovac"]
[Date "2023.03.27"]
[Round "9.5"]
[White "Walter, Ema"]
[Black "Allahverdiyeva, Ayan"]
[Result "1-0"]
[WhiteElo "2048"]
[BlackElo "2124"]
[Annotator "TA"]
[PlyCount "109"]
[EventDate "2023.03.15"]
[EventType "swiss"]
[EventCountry "MNE"]
[SourceTitle "playchess.com"]
[Source "ChessBase"]
[SourceQuality "1"]

1. e4 c5 2. Nf3 d6 3. Bb5+ Bd7 4. Bxd7+ Qxd7 5. c4 Nf6 6. Nc3 g6 7. d4 cxd4 8. Nxd4 Bg7 9. f3 O-O 10. Be3 Rc8 11. b3 a6 12. O-O Nc6 13. Na4 Qd8 14. Rc1 Nd7 15. Qd2 Nxd4 16. Bxd4 b5 17. Bxg7 Kxg7 18. cxb5 axb5 19. Nc3 Kg8 20. Qg5 Rc5 21. Nd5 e6 22. Qxd8+ Rxd8 23. Nb4 Kf8 24. Nd3 Rxc1 25. Rxc1 Ra8 26. Rc7 Ke8 27. Nb4 f6 28. Kf2 Rb8 29. Rc6 Ke7 30. Ke3 Rb6 31. Rc8 h5 32. f4 f5 33. Nc6+ Kf7 34. e5 dxe5 35. fxe5 g5 36. Kd4 b4 37. g3 Rb5 38. Kc4 Rd5 39. Rc7 f4 40. gxf4 gxf4 41. Nxb4 Rd1 42. Nd3 Ke8 43. Kd4 Nb6 44. Rc6 Nd5 45. Rxe6+ Kf7 46. Kxd5 Rxd3+ 47. Ke4 Rd2 48. Rf6+ Ke7 49. a4 Rb2 50. Rb6 Rf2 51. a5 Rf1 52. b4 f3 53. Ke3 Kd7 54. e6+ Kc7 55. h4 1-0

[Event "European Women-ch 2023"]
[Site "Petrovac"]
[Date "2023.03.27"]
[Round "9.6"]
[White "Socko, Monika"]
[Black "Melia, Salome"]
[Result "1/2-1/2"]
[WhiteElo "2432"]
[BlackElo "2366"]
[Annotator "TA"]
[PlyCount "80"]
[EventDate "2023.03.15"]
[EventType "swiss"]
[EventCountry "MNE"]
[SourceTitle "playchess.com"]
[Source "ChessBase"]
[SourceQuality "1"]

1. d4 d5 2. c4 e6 3. Nf3 h6 4. g3 Nf6 5. Bg2 Bd6 6. O-O O-O 7. Nc3 Nc6 8. c5 Be7 9. a3 Ne4 10. Qd3 f5 11. b4 Bf6 12. Bb2 Bd7 13. Rad1 Be8 14. e3 a6 15. Ne2 b6 16. Nf4 Qc8 17. cxb6 cxb6 18. Rc1 g5 19. Ne2 Qb8 20. Rc2 Ne7 21. Ne5 Bb5 22. Qb3 Bxe5 23. Bxe4 fxe4 24. dxe5 Qe8 25. Qa2 Qh5 26. Bd4 Ng6 27. Rfc1 Qf3 28. Nc3 Bc4 29. Qb2 Nh4 30. gxh4 Qg4+ 31. Kh1 Qf3+ 32. Kg1 gxh4 33. h3 Kh8 34. Nxe4 Rg8+ 35. Ng3 hxg3 36. fxg3 Rxg3+ 37. Rg2 Rag8 38. Rcc2 Qf1+ 39. Kh2 Rxh3+ 40. Kxh3 Qh1+ 1/2-1/2

[Event "European Women-ch 2023"]
[Site "Petrovac"]
[Date "2023.03.27"]
[Round "9.6"]
[White "Zhukova, Natalia"]
[Black "Chelushkina, Irina"]
[Result "1/2-1/2"]
[WhiteElo "2322"]
[BlackElo "2207"]
[Annotator "TA"]
[PlyCount "131"]
[EventDate "2023.03.15"]
[EventType "swiss"]
[EventCountry "MNE"]
[SourceTitle "playchess.com"]
[Source "ChessBase"]
[SourceQuality "1"]

1. Nf3 Nf6 2. c4 e6 3. d4 d5 4. Bg5 a6 5. e3 h6 6. Bh4 g5 7. Bg3 Ne4 8. Nfd2 Nxg3 9. hxg3 Bg7 10. Nc3 Nc6 11. Be2 Ne7 12. Bf3 c6 13. Qb3 b5 14. cxd5 exd5 15. g4 Be6 16. Nf1 Qd7 17. Qd1 O-O 18. Ng3 f5 19. gxf5 Nxf5 20. Nxf5 Bxf5 21. Bh5 Qe7 22. O-O Rad8 23. a4 Rd6 24. axb5 axb5 25. Bg4 Bxg4 26. Qxg4 h5 27. Qxh5 Rh6 28. Qg4 Rh4 29. Qg3 Qf6 30. Ra7 Qh6 31. f3 g4 32. f4 Bxd4 33. exd4 Rh1+ 34. Kf2 Qxf4+ 35. Qxf4 Rxf4+ 36. Kg3 Rhxf1 37. Rc7 b4 38. Na4 Rxd4 39. Rxc6 Re1 40. Nb6 Re3+ 41. Kh4 g3+ 42. Kh3 Rd1 43. Rd6 d4 44. Nd5 Rh1+ 45. Kg4 Kf7 46. Nxe3 dxe3 47. Kf3 Rb1 48. Rd3 e2 49. Kxe2 Rxb2+ 50. Kf3 Ra2 51. Rd7+ Ke6 52. Rb7 Ra3+ 53. Ke4 Rb3 54. Rb6+ Kd7 55. Kf4 Kc7 56. Rb5 Kc6 57. Rb8 Kc5 58. Rc8+ Kd4 59. Rb8 Kc4 60. Rc8+ Kd3 61. Kxg3 Rc3 62. Rb8 b3 63. Kf4 Rc4+ 64. Kf5 Rc5+ 65. Kf6 Rc6+ 66. Kf5 1/2-1/2

[Event "European Women-ch 2023"]
[Site "Petrovac"]
[Date "2023.03.27"]
[Round "9.6"]
[White "Lomaia, Diana"]
[Black "Tsirulnik, Maritsa"]
[Result "1-0"]
[WhiteElo "1950"]
[BlackElo "2121"]
[Annotator "TA"]
[PlyCount "47"]
[EventDate "2023.03.15"]
[EventType "swiss"]
[EventCountry "MNE"]
[SourceTitle "playchess.com"]
[Source "ChessBase"]
[SourceQuality "1"]

1. d4 Nf6 2. c4 e6 3. Nc3 Bb4 4. Nf3 b6 5. Qb3 c5 6. dxc5 bxc5 7. g3 Nc6 8. Bg2 Ba6 9. O-O O-O 10. Na4 Na5 11. Qc2 Bxc4 12. Ne5 d5 13. b3 Qb8 14. Bf4 Ba6 15. a3 Rc8 16. axb4 cxb4 17. Qb2 Nh5 18. Nc6 Qb5 19. Ne7+ Kf8 20. Nxc8 Nxf4 21. gxf4 Rxc8 22. Bf3 Rd8 23. Rfc1 Qb8 24. Nc5 1-0

[Event "European Women-ch 2023"]
[Site "Petrovac"]
[Date "2023.03.27"]
[Round "9.7"]
[White "Mammadzada, Gunay"]
[Black "Zaksaite, Salomeja"]
[Result "1-0"]
[WhiteElo "2472"]
[BlackElo "2187"]
[Annotator "TA"]
[PlyCount "97"]
[EventDate "2023.03.15"]
[EventType "swiss"]
[EventCountry "MNE"]
[SourceTitle "playchess.com"]
[Source "ChessBase"]
[SourceQuality "1"]

1. e4 c5 2. Nf3 Nc6 3. d4 cxd4 4. Nxd4 Nf6 5. Nc3 e5 6. Ndb5 d6 7. Bg5 a6 8. Na3 b5 9. Nd5 Be7 10. Bxf6 Bxf6 11. c3 Rb8 12. Nc2 Bg5 13. a3 O-O 14. h4 Bh6 15. g4 Bf4 16. Qf3 Be6 17. Nxf4 Qf6 18. g5 Qxf4 19. Qxf4 exf4 20. Nb4 Rb6 21. Nd3 d5 22. Bg2 d4 23. Nxf4 dxc3 24. bxc3 Ne5 25. O-O Rc6 26. Ne2 Bc4 27. Nd4 Bxf1 28. Nxc6 Bxg2 29. Ne7+ Kh8 30. Kxg2 Ng6 31. Nf5 Rc8 32. Rd1 h6 33. gxh6 gxh6 34. Rd6 Rxc3 35. Rxa6 h5 36. Ra7 Rd3 37. Rxf7 Rxa3 38. Rb7 Nf4+ 39. Kh2 Nd3 40. Rb8+ Kh7 41. Rb7+ Kh8 42. Rxb5 Nxf2 43. Nd6 Ng4+ 44. Kg2 Nf6 45. e5 Ng8 46. e6 Re3 47. Rxh5+ Kg7 48. Nf5+ Kg6 49. Rg5+ 1-0

[Event "European Women-ch 2023"]
[Site "Petrovac"]
[Date "2023.03.27"]
[Round "9.7"]
[White "Danielian, Elina"]
[Black "Bivol, Alina"]
[Result "1/2-1/2"]
[WhiteElo "2431"]
[BlackElo "2365"]
[Annotator "TA"]
[PlyCount "223"]
[EventDate "2023.03.15"]
[EventType "swiss"]
[EventCountry "MNE"]
[SourceTitle "playchess.com"]
[Source "ChessBase"]
[SourceQuality "1"]

1. d4 d5 2. c4 e6 3. Nc3 Nf6 4. cxd5 exd5 5. Bg5 Be7 6. e3 O-O 7. Bd3 c6 8. Nge2 h6 9. Bh4 Ne8 10. Bg3 Nd6 11. Qc2 Nd7 12. O-O Nf6 13. f3 Nh5 14. Bf2 f5 15. Rae1 Bd7 16. e4 fxe4 17. fxe4 dxe4 18. Qb3+ Kh8 19. Nxe4 Nxe4 20. Bxe4 Bd6 21. Bf3 Nf6 22. Bg3 Bxg3 23. Nxg3 Bg4 24. Qxb7 Qxd4+ 25. Kh1 Rab8 26. Qxc6 Rfc8 27. Qa6 Rc2 28. b3 Rbc8 29. h3 Bd7 30. Re2 Rc1 31. Qa5 R1c3 32. Qe5 Qb4 33. Qe7 a5 34. Qxb4 axb4 35. Rd2 Bc6 36. Bxc6 R8xc6 37. Kh2 Ra6 38. Rf4 Rxg3 39. Kxg3 Nh5+ 40. Kf3 Nxf4 41. Kxf4 Re6 42. Kf3 Kh7 43. Re2 Rd6 44. Ke3 Kg6 45. Rc2 Kf6 46. Rc4 Ra6 47. Rxb4 Rxa2 48. Rf4+ Ke5 49. Rf2 Ra3 50. Rb2 Kd5 51. Kd3 Kc5 52. Kc3 Ra1 53. Rf2 Rc1+ 54. Kd3 Kb4 55. Rf7 Rc3+ 56. Ke2 g5 57. Rb7+ Ka5 58. Rh7 Rc6 59. Kf3 Kb4 60. Kg4 Rc2 61. g3 Rc6 62. Rb7+ Ka5 63. Rb8 Rd6 64. Rg8 Kb4 65. Rb8+ Kc5 66. Re8 Rd4+ 67. Kf3 Rb4 68. Re3 Kd5 69. g4 Rf4+ 70. Kg3 Rb4 71. Rf3 Ke4 72. Kf2 Rb6 73. Ke2 h5 74. gxh5 Rh6 75. Rd3 Rxh5 76. Kd2 Rh8 77. Rg3 Kf4 78. Rd3 Rb8 79. Kc2 Rc8+ 80. Kb2 Rb8 81. Rc3 Rb7 82. Rc4+ Kg3 83. Rg4+ Kxh3 84. Rxg5 Kh4 85. Rg8 Kh5 86. Kc3 Rc7+ 87. Kd4 Rb7 88. Rg3 Rb8 89. Kc5 Rc8+ 90. Kb6 Rb8+ 91. Kc7 Rb4 92. Kc6 Rb8 93. Kd5 Rd8+ 94. Kc4 Rc8+ 95. Kd3 Rb8 96. Kc2 Rc8+ 97. Rc3 Rb8 98. Rc4 Kg6 99. b4 Kf6 100. Kb3 Ke6 101. Rd4 Ke5 102. Kc3 Rc8+ 103. Rc4 Rb8 104. Rc5+ Kd6 105. Kc4 Rh8 106. Rg5 Kc6 107. Rg6+ Kb7 108. Kb5 Rh5+ 109. Ka4 Rf5 110. Rh6 Rg5 111. b5 Rg1 112. Kb4 1/2-1/2

[Event "European Women-ch 2023"]
[Site "Petrovac"]
[Date "2023.03.27"]
[Round "9.7"]
[White "Hajiyeva, Laman"]
[Black "Ter-Avetisjana, Agnesa Stepania"]
[Result "1/2-1/2"]
[WhiteElo "2118"]
[BlackElo "1974"]
[Annotator "TA"]
[PlyCount "57"]
[EventDate "2023.03.15"]
[EventType "swiss"]
[EventCountry "MNE"]
[SourceTitle "playchess.com"]
[Source "ChessBase"]
[SourceQuality "1"]

1. e4 c5 2. Nf3 Nc6 3. Bb5 g6 4. Bxc6 dxc6 5. d3 Bg7 6. h3 Nf6 7. Nc3 O-O 8. O-O Qc7 9. Be3 b6 10. Qd2 e5 11. Bh6 Re8 12. Bxg7 Kxg7 13. b3 Nh5 14. Ne2 h6 15. Kh1 Be6 16. Qc3 f6 17. Kh2 Nf4 18. Neg1 g5 19. g3 Ng6 20. Ne1 h5 21. Ng2 h4 22. g4 Qd6 23. Nf3 Red8 24. Rae1 a5 25. Ne3 Kh7 26. Nf5 Qc7 27. a4 Nf4 28. Rg1 Rd7 29. Re3 1/2-1/2

[Event "European Women-ch 2023"]
[Site "Petrovac"]
[Date "2023.03.27"]
[Round "9.8"]
[White "Wagner, Dinara"]
[Black "Tsolakidou, Stavroula"]
[Result "0-1"]
[WhiteElo "2411"]
[BlackElo "2358"]
[Annotator "TA"]
[PlyCount "116"]
[EventDate "2023.03.15"]
[EventType "swiss"]
[EventCountry "MNE"]
[SourceTitle "playchess.com"]
[Source "ChessBase"]
[SourceQuality "1"]

1. d4 Nf6 2. c4 g6 3. Nc3 Bg7 4. e4 d6 5. Nf3 O-O 6. Be3 e5 7. dxe5 dxe5 8. Qc2 Nbd7 9. Rd1 Re8 10. Be2 c6 11. O-O Qe7 12. a3 Nh5 13. g3 Nf8 14. Rfe1 Bg4 15. Kg2 Ne6 16. h3 Bxf3+ 17. Bxf3 Nf6 18. b4 h5 19. Na4 Nd7 20. Nc3 Rad8 21. c5 Nd4 22. Qa2 h4 23. Be2 Nf8 24. Bc4 Nfe6 25. Bxd4 exd4 26. Ne2 hxg3 27. fxg3 Qg5 28. Ng1 Be5 29. Qf2 Nf4+ 30. Kh2 Nh5 31. Rd3 Re7 32. Ne2 Kg7 33. Rf1 Nf6 34. Qf3 Rh8 35. Kg2 Rh4 36. Nxd4 Rxe4 37. Qf2 Bxd4 38. Rxd4 Rxd4 39. Qxd4 Re4 40. h4 Qxg3+ 41. Kxg3 Rxd4 42. Be2 Ne4+ 43. Kh3 Rd2 44. Bc4 f5 45. Be6 Rd8 46. Rc1 Rh8 47. Bd7 Nf6 48. Be6 Re8 49. Bc4 Re3+ 50. Kg2 Rxa3 51. Re1 Ng4 52. Be6 Re3 53. Rxe3 Nxe3+ 54. Kf2 Nc2 55. b5 cxb5 56. Bd5 Nb4 57. Bxb7 Nd3+ 58. Ke3 Nxc5 0-1

[Event "European Women-ch 2023"]
[Site "Petrovac"]
[Date "2023.03.27"]
[Round "9.8"]
[White "Olde, Margareth"]
[Black "Badelka, Olga"]
[Result "1/2-1/2"]
[WhiteElo "2234"]
[BlackElo "2428"]
[Annotator "TA"]
[PlyCount "120"]
[EventDate "2023.03.15"]
[EventType "swiss"]
[EventCountry "MNE"]
[SourceTitle "playchess.com"]
[Source "ChessBase"]
[SourceQuality "1"]

1. d4 Nf6 2. c4 e6 3. Nf3 d5 4. g3 Be7 5. Bg2 O-O 6. Nc3 c6 7. O-O a5 8. b3 b6 9. Ne5 Nfd7 10. Nxd7 Nxd7 11. cxd5 cxd5 12. a4 Ba6 13. Nb5 Rc8 14. Qd3 Bb4 15. Bd2 Bxb5 16. axb5 Bxd2 17. Qxd2 Nf6 18. Rfc1 Qd7 19. Qd3 Rxc1+ 20. Rxc1 Rc8 21. Rxc8+ Qxc8 22. f3 Qc1+ 23. Bf1 g5 24. Kf2 h6 25. Qe3 Qc7 26. Ke1 Kf8 27. Kd2 Ke7 28. Qd3 h5 29. e4 dxe4 30. fxe4 Qd6 31. Be2 Qb4+ 32. Kd1 e5 33. dxe5 Nxe4 34. Qe3 a4 35. Bc4 Nc3+ 36. Kc1 Qa3+ 37. Kc2 axb3+ 38. Bxb3 Nd5 39. Qxg5+ Ke8 40. Qg8+ Ke7 41. Qg5+ Ke8 42. Bxd5 Qc5+ 43. Kb2 Qxd5 44. Qxh5 Qxb5+ 45. Kc2 Qc4+ 46. Kd2 Qd4+ 47. Ke1 Qg1+ 48. Ke2 Qg2+ 49. Ke3 Qg1+ 50. Kd3 Qf1+ 51. Qe2 Qb1+ 52. Kc3 Ke7 53. Qf2 Qa1+ 54. Kb3 Qxe5 55. Qxb6 Qd5+ 56. Kc3 Qf3+ 57. Kb4 Qg4+ 58. Ka3 Qf3+ 59. Qb3 Qa8+ 60. Kb2 Qh8+ 1/2-1/2

[Event "European Women-ch 2023"]
[Site "Petrovac"]
[Date "2023.03.27"]
[Round "9.8"]
[White "Silva, Mariana Sofia T."]
[Black "Paasikangas, Johanna"]
[Result "0-1"]
[WhiteElo "1920"]
[BlackElo "2115"]
[Annotator "TA"]
[PlyCount "116"]
[EventDate "2023.03.15"]
[EventType "swiss"]
[EventCountry "MNE"]
[SourceTitle "playchess.com"]
[Source "ChessBase"]
[SourceQuality "1"]

1. d4 Nf6 2. c4 g6 3. g3 Bg7 4. Bg2 O-O 5. Nc3 d6 6. Nf3 c5 7. dxc5 dxc5 8. Qxd8 Rxd8 9. Bf4 Nc6 10. Rc1 Be6 11. Nb5 Nh5 12. b3 Nxf4 13. gxf4 Rac8 14. O-O a6 15. Nc3 Rc7 16. Ng5 Bg4 17. e3 Bxc3 18. Rxc3 Bf5 19. a3 h6 20. Ne4 b6 21. Ng3 Bg4 22. h3 Be6 23. Rfc1 Rd2 24. R3c2 Rxc2 25. Rxc2 Na5 26. Rc3 Rd7 27. Nf1 Rd1 28. Kh2 Ra1 29. a4 Ra2 30. Rd3 Rxf2 31. Kg3 Rb2 32. Nd2 Kg7 33. Bd5 Bf5 34. e4 Bc8 35. h4 h5 36. Kf3 Bg4+ 37. Ke3 Bd1 38. f5 Bxb3 39. fxg6 fxg6 40. e5 Bxa4 41. Nf3 Bc2 42. Rd2 Rb3+ 43. Kf4 Bf5 44. Ng5 Rd3 45. Ne6+ Kh6 46. Rb2 Bxe6 47. Bxe6 Rd4+ 48. Kf3 Nxc4 49. Bxc4 Rxc4 50. Rxb6 Kg7 51. Rxa6 Rxh4 52. Rc6 c4 53. Rc7 Kf7 54. Rc6 Rg4 55. Ke3 c3 56. Kf3 g5 57. Rxc3 Ke6 58. Rc5 Rf4+ 0-1

[Event "European Women-ch 2023"]
[Site "Petrovac"]
[Date "2023.03.27"]
[Round "9.9"]
[White "Mkrtchyan, Mariam"]
[Black "Garifullina, Leya"]
[Result "0-1"]
[WhiteElo "2343"]
[BlackElo "2372"]
[Annotator "TA"]
[PlyCount "110"]
[EventDate "2023.03.15"]
[EventType "swiss"]
[EventCountry "MNE"]
[SourceTitle "playchess.com"]
[Source "ChessBase"]
[SourceQuality "1"]

1. Nf3 d5 2. g3 Bg4 3. Bg2 e6 4. c4 c6 5. cxd5 Bxf3 6. Bxf3 cxd5 7. O-O Nc6 8. d3 Nf6 9. e4 dxe4 10. dxe4 Qxd1 11. Rxd1 Bc5 12. Nc3 h6 13. h4 Ke7 14. Na4 Bd4 15. Bd2 Rhd8 16. Rac1 Rac8 17. Kg2 Ke8 18. g4 Ne5 19. Rxc8 Rxc8 20. g5 hxg5 21. hxg5 Nxf3 22. Kxf3 Nd7 23. Bb4 Rc4 24. a3 Ne5+ 25. Ke2 Nc6 26. Kd3 b5 27. Nc3 Nxb4+ 28. axb4 Rxb4 29. Nxb5 Bc5 30. Nc3 Bxf2 31. Kc2 g6 32. e5 Bg3 33. Ra1 Rb7 34. Ra5 Rc7 35. Kd3 Be1 36. Ra6 Rd7+ 37. Kc4 Bxc3 38. Kxc3 Rd5 39. Rxa7 Rxe5 40. b4 Rxg5 41. Kc4 Rf5 42. b5 Kd8 43. Kb4 g5 44. Ka5 g4 45. Ka6 Rf1 46. b6 g3 47. Ra8+ Kd7 48. Rg8 Kc6 49. Rc8+ Kd5 50. Rg8 Ra1+ 51. Kb7 Ra3 52. Kc7 Rc3+ 53. Kd7 Rb3 54. Kc7 Ke4 55. b7 Kf3 0-1

[Event "European Women-ch 2023"]
[Site "Petrovac"]
[Date "2023.03.27"]
[Round "9.9"]
[White "Eric, Jovana"]
[Black "Zawadzka, Jolanta"]
[Result "1/2-1/2"]
[WhiteElo "2230"]
[BlackElo "2391"]
[Annotator "TA"]
[PlyCount "117"]
[EventDate "2023.03.15"]
[EventType "swiss"]
[EventCountry "MNE"]
[SourceTitle "playchess.com"]
[Source "ChessBase"]
[SourceQuality "1"]

1. e4 c5 2. Nf3 e6 3. d4 cxd4 4. Nxd4 a6 5. Nc3 b5 6. Bd3 Bb7 7. O-O Nc6 8. Nxc6 Bxc6 9. Qe2 Bc5 10. a4 b4 11. Nd5 Bb7 12. Be3 Qa5 13. Bxc5 Qxc5 14. Qe3 Qxe3 15. Nxe3 Nf6 16. e5 Nd5 17. Nc4 Ke7 18. Na5 Bc6 19. Nxc6+ dxc6 20. a5 Rhd8 21. Bc4 f6 22. Rfe1 Rd7 23. g3 Nc7 24. exf6+ gxf6 25. Re4 Rad8 26. Rae1 Rd4 27. b3 R8d6 28. Kg2 c5 29. Rxd4 Rxd4 30. Kf3 f5 31. h3 Kf6 32. g4 Rd7 33. gxf5 Kxf5 34. Re3 e5 35. Ke2 Nb5 36. Rf3+ Kg5 37. Rg3+ Kf5 38. Ke3 Nd4 39. Bd3+ Kf6 40. Rg4 Nf5+ 41. Bxf5 Kxf5 42. Rg8 c4 43. Rf8+ Ke6 44. bxc4 Rc7 45. Ra8 Rxc4 46. Rxa6+ Kd5 47. Rb6 Rxc2 48. Rxb4 Rc3+ 49. Ke2 Ra3 50. Rh4 Rxa5 51. Rxh7 Ke4 52. Rh4+ Kf5 53. Kf3 Ra3+ 54. Kg2 e4 55. Rh5+ Kf6 56. Rh6+ Kf5 57. Rh8 e3 58. Rf8+ Kg6 59. fxe3 1/2-1/2

[Event "European Women-ch 2023"]
[Site "Petrovac"]
[Date "2023.03.27"]
[Round "9.9"]
[White "Golsta, Ramona"]
[Black "Dwilewicz, Katarzyna"]
[Result "0-1"]
[WhiteElo "1760"]
[BlackElo "2114"]
[Annotator "TA"]
[PlyCount "34"]
[EventDate "2023.03.15"]
[EventType "swiss"]
[EventCountry "MNE"]
[SourceTitle "playchess.com"]
[Source "ChessBase"]
[SourceQuality "1"]

1. d4 Nf6 2. c4 e6 3. Nc3 Bb4 4. f3 d5 5. a3 Bxc3+ 6. bxc3 c5 7. cxd5 Nxd5 8. dxc5 Qa5 9. e4 Ne7 10. Ne2 O-O 11. Qd6 Nbc6 12. h4 e5 13. Qd2 Be6 14. Qg5 f6 15. Qg3 Nd4 16. Kf2 Nc2 17. Bh6 Rf7 0-1

[Event "European Women-ch 2023"]
[Site "Petrovac"]
[Date "2023.03.27"]
[Round "9.10"]
[White "Mkrtchian, Lilit"]
[Black "Javakhishvili, Lela"]
[Result "0-1"]
[WhiteElo "2379"]
[BlackElo "2443"]
[Annotator "TA"]
[PlyCount "114"]
[EventDate "2023.03.15"]
[EventType "swiss"]
[EventCountry "MNE"]
[SourceTitle "playchess.com"]
[Source "ChessBase"]
[SourceQuality "1"]

1. Nf3 Nf6 2. g3 d5 3. Bg2 c5 4. O-O e6 5. d3 Nc6 6. Nbd2 Be7 7. e4 O-O 8. Re1 Qc7 9. e5 Nd7 10. Qe2 b5 11. h4 a5 12. Nf1 Ba6 13. N1h2 Rfc8 14. Bf4 b4 15. h5 c4 16. h6 g6 17. Ng4 b3 18. axb3 cxd3 19. cxd3 Nb4 20. Red1 Qd8 21. Nf6+ Nxf6 22. exf6 Bxf6 23. Be5 Nc6 24. Bh3 Nxe5 25. Nxe5 Qd6 26. f4 Bb5 27. Rd2 Qb6+ 28. Kh2 Be8 29. Ra3 Rc7 30. d4 Rac8 31. Nf3 Rc1 32. g4 Qc7 33. Kg3 g5 34. Qe3 Be7 35. Ra2 Rb8 36. Ne5 f6 37. Nd3 gxf4+ 38. Nxf4 Bd6 39. Rd3 Bf7 40. Rxa5 Rc2 41. Ra6 Rxb2 42. Rxd6 Qxd6 43. Kh4 Kh8 44. Rc3 Rb1 45. Nh5 Bxh5 46. Kxh5 Rg8 47. Qf2 Qf8 48. Qc2 Rg1 49. Bg2 Rg5+ 50. Kh4 Qxh6+ 51. Kg3 Rg8 52. Rc8 Re1 53. Qc7 Qe3+ 54. Kh2 Qg1+ 55. Kg3 Re3+ 56. Kh4 Qe1+ 57. Kh5 Qf1 0-1

[Event "European Women-ch 2023"]
[Site "Petrovac"]
[Date "2023.03.27"]
[Round "9.10"]
[White "Lach, Aleksandra"]
[Black "Mammadova, Gulnar"]
[Result "1/2-1/2"]
[WhiteElo "2170"]
[BlackElo "2358"]
[Annotator "TA"]
[PlyCount "118"]
[EventDate "2023.03.15"]
[EventType "swiss"]
[EventCountry "MNE"]
[SourceTitle "playchess.com"]
[Source "ChessBase"]
[SourceQuality "1"]

1. e4 e5 2. Nf3 Nc6 3. Bc4 Nf6 4. d3 Bc5 5. O-O d6 6. c3 a6 7. a4 h6 8. Re1 O-O 9. h3 Ba7 10. Nbd2 Be6 11. b4 Qd7 12. Bxe6 fxe6 13. Nf1 Nh5 14. Ra2 Nf4 15. Bxf4 Rxf4 16. N1h2 Raf8 17. b5 Ne7 18. d4 exd4 19. cxd4 axb5 20. axb5 Bb6 21. Qd3 Ng6 22. g3 R4f6 23. Kg2 e5 24. Ree2 exd4 25. Nxd4 Ne5 26. Qb3+ Kh7 27. Nf5 g6 28. Ne3 Qf7 29. Qxf7+ R6xf7 30. Nd5 Bc5 31. f4 Nd3 32. Rad2 Nc1 33. Re1 Nb3 34. Rb2 Nd4 35. Nf3 c6 36. bxc6 bxc6 37. Ne3 Re7 38. Nc2 Nxf3 39. Kxf3 Ra8 40. Ra1 Rxa1 41. Nxa1 Bd4 42. Rb1 Ra7 43. Nc2 Bc5 44. Rb3 Kg7 45. Rc3 Kf7 46. e5 Ke6 47. exd6 Kxd6 48. Rd3+ Ke6 49. g4 Ra4 50. Rc3 Bd6 51. Rxc6 Rxf4+ 52. Ke3 Rf1 53. Ke4 Rf4+ 54. Ke3 g5 55. Rc8 Kd5 56. Rd8 Ke5 57. Re8+ Kf6 58. Rc8 Be5 59. Rf8+ Kg6 1/2-1/2

[Event "European Women-ch 2023"]
[Site "Petrovac"]
[Date "2023.03.27"]
[Round "9.10"]
[White "Makropoulou, Marina"]
[Black "Manova, Ivana"]
[Result "1-0"]
[WhiteElo "2102"]
[BlackElo "1923"]
[Annotator "TA"]
[PlyCount "83"]
[EventDate "2023.03.15"]
[EventType "swiss"]
[EventCountry "MNE"]
[SourceTitle "playchess.com"]
[Source "ChessBase"]
[SourceQuality "1"]

1. e4 e5 2. Nf3 Nc6 3. Bc4 Bc5 4. c3 Bb6 5. O-O Qf6 6. d4 d6 7. Bg5 Qg6 8. dxe5 Bg4 9. exd6 cxd6 10. Nbd2 h6 11. Be3 Bxe3 12. fxe3 Nf6 13. Qe1 O-O 14. Nh4 Qg5 15. Nf5 d5 16. exd5 Bxf5 17. dxc6 bxc6 18. Nf3 Qg4 19. Nd4 Be4 20. Qe2 Qg6 21. Rf4 Rae8 22. Raf1 h5 23. Nf5 Bd5 24. Bxd5 Nxd5 25. R4f3 Re4 26. Rg3 Rg4 27. c4 Rxg3 28. hxg3 Qg5 29. cxd5 cxd5 30. Qf3 g6 31. Nd4 Qe7 32. Qf4 Kg7 33. Nc6 Qb7 34. Qf6+ Kh7 35. Ne7 d4 36. exd4 Qe4 37. d5 Rb8 38. Qxf7+ Kh6 39. Ng8+ Rxg8 40. Qxg8 Qe3+ 41. Kh2 Kg5 42. Qd8+ 1-0

[Event "European Women-ch 2023"]
[Site "Petrovac"]
[Date "2023.03.27"]
[Round "9.11"]
[White "Cyfka, Karina"]
[Black "Abdulla, Khayala"]
[Result "1-0"]
[WhiteElo "2350"]
[BlackElo "2221"]
[Annotator "TA"]
[PlyCount "117"]
[EventDate "2023.03.15"]
[EventType "swiss"]
[EventCountry "MNE"]
[SourceTitle "playchess.com"]
[Source "ChessBase"]
[SourceQuality "1"]

1. d4 d5 2. c4 e6 3. Nc3 c5 4. cxd5 exd5 5. Nf3 Nf6 6. g3 Nc6 7. Bg2 cxd4 8. Nxd4 Bc5 9. Nb3 Bb6 10. O-O d4 11. Na4 O-O 12. Nac5 Qe7 13. Nd3 Bg4 14. Re1 Rfe8 15. Bf1 Rad8 16. Bg5 h6 17. Bxf6 Qxf6 18. Qd2 Ne5 19. Rac1 Bf5 20. Bg2 Re7 21. a4 a5 22. Nbc5 Bxc5 23. Nxc5 b6 24. Nd3 Bxd3 25. exd3 Rde8 26. Re4 Nd7 27. Rc6 Re6 28. Rexe6 Rxe6 29. Rxe6 Qxe6 30. b4 Qe5 31. Bc6 Nf6 32. bxa5 bxa5 33. Bb5 Qc7 34. Bc4 Nd7 35. Qe2 Nf6 36. Qb2 Qa7 37. Qb5 Qc7 38. Qa6 Kf8 39. Qa8+ Ke7 40. h3 Qb6 41. Qc8 g6 42. Bb5 h5 43. Kg2 h4 44. g4 Qd6 45. Kg1 Qe5 46. Qb7+ Kf8 47. Bc4 Qe1+ 48. Kg2 Qe8 49. Qa7 Qd7 50. Qb8+ Kg7 51. Qe5 Qb7+ 52. Kh2 Qf3 53. Qxd4 Kh7 54. Kg1 Ng8 55. Bd5 Qd1+ 56. Kg2 Nh6 57. g5 Nf5 58. Qf6 Ne3+ 59. fxe3 1-0